Alianzas estratégicas en empresas intensivas de conocimiento : (Registro nro. 6105)
[ vista simple ]
| 000 -LEADER | |
|---|---|
| fixed length control field | 01536nam a2200289Ia 4500 |
| 003 - CONTROL NUMBER IDENTIFIER | |
| control field | OSt |
| 005 - DATE AND TIME OF LATEST TRANSACTION | |
| control field | 20201022170320.0 |
| 008 - FIXED-LENGTH DATA ELEMENTS--GENERAL INFORMATION | |
| fixed length control field | 191128s2012 yo a gr 000 0 spa d |
| 020 ## - INTERNATIONAL STANDARD BOOK NUMBER | |
| International Standard Book Number | 9783847354826 |
| 040 ## - CATALOGING SOURCE | |
| Original cataloging agency | CO-JMCR |
| Transcribing agency | CO-JMCR |
| 041 0# - LANGUAGE CODE | |
| Language code of text/sound track or separate title | spa |
| 082 04 - DEWEY DECIMAL CLASSIFICATION NUMBER | |
| Classification number | 658.403 / |
| Item number | B415a |
| Edition number | 23 |
| 100 1# - MAIN ENTRY--PERSONAL NAME | |
| Personal name | Blanco Valbuena, Carlos Emilio, |
| Relator term | autor |
| 9 (RLIN) | 11855 |
| 245 10 - TITLE STATEMENT | |
| Title | Alianzas estratégicas en empresas intensivas de conocimiento : |
| Remainder of title | capital intelectual e innovación / |
| Statement of responsibility, etc. | Carlos Emilio Blanco Valbuena |
| 260 ## - PUBLICATION, DISTRIBUTION, ETC. | |
| Place of publication, distribution, etc. | Saarbrücken : |
| Name of publisher, distributor, etc. | Editorial Académica Española, |
| Date of publication, distribution, etc. | 2012. |
| 300 ## - PHYSICAL DESCRIPTION | |
| Extent | 149 páginas : |
| Other physical details | gráficos a blanco y negro ; |
| Dimensions | 22 cm. |
| 500 ## - GENERAL NOTE | |
| General note | Incluye datos biográficos del autor en contraportada. |
| 504 ## - BIBLIOGRAPHY, ETC. NOTE | |
| Bibliography, etc. note | Bibliografía: páginas 129-149. |
| 505 0# - FORMATTED CONTENTS NOTE | |
| Formatted contents note | Revisión de la literatura e hipótesis -- Modelo conceptual -- Fuentes, datos, composición de la muestra, variables y metodología -- Resultados -- Discución de resultados -- Conclusiones y recomendaciones -- Aportes de los empresarios -- Bibliografía |
| 520 0# - SUMMARY, ETC. | |
| Summary, etc. | El estudio analiza los motivos que llevan a las empresas de base tecnológica ubicadas en la ciudad de Bogotá a realizar acuerdos de cooperación mediante el establecimiento de alianzas estratégicas, y aborda las tipologías a las que se recurre para realiza |
| 650 24 - SUBJECT ADDED ENTRY--TOPICAL TERM | |
| Topical term or geographic name entry element | Toma de decisiones |
| 9 (RLIN) | 283 |
| 650 24 - SUBJECT ADDED ENTRY--TOPICAL TERM | |
| Topical term or geographic name entry element | Gestión empresarial |
| 9 (RLIN) | 603 |
| 650 24 - SUBJECT ADDED ENTRY--TOPICAL TERM | |
| Topical term or geographic name entry element | Alianzas estratégica |
| 9 (RLIN) | 11856 |
| 650 24 - SUBJECT ADDED ENTRY--TOPICAL TERM | |
| Topical term or geographic name entry element | Capital humano |
| 9 (RLIN) | 4358 |
| 650 24 - SUBJECT ADDED ENTRY--TOPICAL TERM | |
| Topical term or geographic name entry element | Gestión del conocimiento |
| 9 (RLIN) | 11857 |
| 942 ## - ADDED ENTRY ELEMENTS (KOHA) | |
| Source of classification or shelving scheme | Dewey Decimal Classification |
| Koha item type | Books |
| Withdrawn status | Lost status | Source of classification or shelving scheme | Materials specified (bound volume or other part) | Damaged status | Not for loan | Home library | Current library | Shelving location | Date acquired | Source of acquisition | Total Checkouts | Full call number | Barcode | Date last seen | Date last checked out | Copy number | Price effective from | Koha item type |
|---|---|---|---|---|---|---|---|---|---|---|---|---|---|---|---|---|---|---|
| Dewey Decimal Classification | Donación--15/04/2018-- | Biblioteca Pública José María del Castillo y Rada | Biblioteca Pública José María del Castillo y Rada | General Stacks | 11/28/2019 | Donación | 1 | 658.403 / B415a | 430012034 | 10/04/2024 | 09/27/2024 | Ej.1 | 11/28/2019 | Books |